[Event "Titled Tuesday intern op 13th Feb Early"]
[Site "Chess.com INT"]
[Date "2024.02.13"]
[Round "10"]
[White "Murthy, Pappu LN"]
[Black "Gordon, David"]
[Result "0-1"]
[WhiteElo "1821"]
[BlackElo "2031"]
[PlyCount "88"]
[EventDate "2024.02.13"]
[EventType "swiss (blitz)"]
[EventRounds "11"]
[EventCountry "USA"]
[SourceTitle "CB08_2024"]
[SourceDate "2024.02.21"]
[SourceVersion "1"]
[SourceVersionDate "2024.02.21"]
[SourceQuality "1"]

1. e4 c5 2. Nf3 Nc6 3. d4 cxd4 4. Nxd4 e5 5. Nb5 d6 6. N1c3 a6 7. Na3 Be7 8. Nc4 Nf6 9. Be3 b5 10. Nb6 Rb8 11. Nxc8 Qxc8 12. Be2 0-0 13. 0-0 Rd8 14. Nd5 Nxd5 15. exd5 Na5 16. c3 Nc4 17. Bxc4 Qxc4 18. Qd2 Rdc8 19. a3 a5 20. Rad1 f5 21. f4 e4 22. Qf2 b4 23. axb4 axb4 24. Rd4 Qb3 25. cxb4 Bf6 26. Rd2 Rxb4 27. Rfd1 Rcb8 28. h3 Bxb2 29. Rb1 Qa3 30. Kh2 Bf6 31. Rxb4 Qxb4 32. Rc2 Qa3 33. Rc7 Rb3 34. Ra7 Qb2 35. Qg1 h5 36. Bf2 Kh7 37. h4 Kg6 38. Ra8 Qd2 39. g4 hxg4 40. h5+ Kf7 41. Kg2 e3 42. Ra7+ Kg8 43. h6 Qxf2+ 44. Qxf2 exf2 0-1

[Event "Titled Tuesday intern op 13th Feb Early"]
[Site "Chess.com INT"]
[Date "2024.02.13"]
[Round "3"]
[White "Valle Luis, Leo"]
[Black "Gordon, David"]
[Result "1-0"]
[WhiteElo "2252"]
[BlackElo "2031"]
[PlyCount "73"]
[EventDate "2024.02.13"]
[EventType "swiss (blitz)"]
[EventRounds "11"]
[EventCountry "USA"]
[SourceTitle "CB08_2024"]
[SourceDate "2024.02.21"]
[SourceVersion "1"]
[SourceVersionDate "2024.02.21"]
[SourceQuality "1"]

1. e4 c5 2. Nf3 Nc6 3. Bb5 Nf6 4. e5 Nd5 5. 0-0 g6 6. c3 Bg7 7. d4 cxd4 8. cxd4 0-0 9. Bc4 Nb6 10. Bb3 d6 11. exd6 Qxd6 12. Be3 Bg4 13. d5 Ne5 14. Nc3 Nxf3+ 15. gxf3 Bh3 16. Re1 Rfd8 17. Qe2 Be5 18. Nb5 Bxh2+ 19. Kh1 Qb8 20. Bxb6 axb6 21. Qxe7 Bd6 22. Nxd6 Qxd6 23. Rac1 Qf4 24. Qe4 Qh6 25. Qe3 Qh5 26. Kg1 Re8 27. Qf4 Rac8 28. Rxc8 Rxc8 29. d6 Be6 30. Rxe6 fxe6 31. Bxe6+ Kg7 32. Bxc8 Qc5 33. d7 Qd5 34. Qe3 Qd1+ 35. Kg2 Qd6 36. f4 b5 37. Qe5+ 1-0

[Event "Titled Tuesday intern op 13th Feb Early"]
[Site "Chess.com INT"]
[Date "2024.02.13"]
[Round "8"]
[White "Vivas Zamora, Fabian Ernesto"]
[Black "Gordon, David"]
[Result "1/2-1/2"]
[WhiteElo "2388"]
[BlackElo "2031"]
[PlyCount "116"]
[EventDate "2024.02.13"]
[EventType "swiss (blitz)"]
[EventRounds "11"]
[EventCountry "USA"]
[SourceTitle "CB08_2024"]
[SourceDate "2024.02.21"]
[SourceVersion "1"]
[SourceVersionDate "2024.02.21"]
[SourceQuality "1"]

1. e4 c5 2. Nf3 Nc6 3. d4 cxd4 4. Nxd4 e5 5. Nb5 d6 6. c4 Be7 7. N1c3 a6 8. Na3 Nf6 9. Nc2 0-0 10. Be2 Be6 11. 0-0 Rb8 12. f3 Na5 13. b3 Qc7 14. Be3 b5 15. Nb4 Qc8 16. Ncd5 Bxd5 17. cxd5 Qb7 18. Rc1 Rfc8 19. Qd2 Nd7 20. Rxc8+ Rxc8 21. Rc1 Rxc1+ 22. Qxc1 Bd8 23. Nc6 Qc7 24. b4 Nxc6 25. dxc6 Nb8 26. a4 Qxc6 27. Qxc6 Nxc6 28. axb5 axb5 29. Bxb5 Nxb4 30. g3 Kf8 31. Bd2 Bb6+ 32. Kf1 Bc5 33. Bxb4 Bxb4 34. Ke2 Ke7 35. Kd3 g6 36. Bc4 f5 37. Bg8 h6 38. Bh7 Kf6 39. Bg8 fxe4+ 40. Kxe4 Bc5 41. h4 g5 42. hxg5+ Kxg5 43. f4+ exf4 44. gxf4+ Kf6 45. Bd5 h5 46. Kf3 Kf5 47. Be4+ Kf6 48. Bd5 Kf5 49. Be4+ Ke6 50. Bg6 h4 51. Kg4 Be3 52. f5+ Kf6 53. Kxh4 d5 54. Kg3 d4 55. Kf3 Bg5 56. Ke4 Be3 57. Kd3 Bg1 58. Bh7 Bf2 1/2-1/2

[Event "Ottawa EOCA op"]
[Site "Ottawa"]
[Date "2023.03.04"]
[Round "3"]
[White "Gordon, David"]
[Black "Kot, Emanuel"]
[Result "1-0"]
[WhiteElo "2237"]
[BlackElo "2114"]
[PlyCount "99"]
[EventDate "2023.03.03"]
[EventType "swiss"]
[EventRounds "5"]
[EventCountry "CAN"]
[SourceTitle "CBM 213 Extra"]
[Source "ChessBase"]
[SourceDate "2023.05.31"]
[SourceVersion "1"]
[SourceVersionDate "2023.05.31"]
[SourceQuality "1"]

1. d4 Nf6 2. Bg5 d5 3. Bxf6 exf6 4. e3 Be6 5. Nd2 c6 6. Ngf3 Nd7 7. c4 dxc4 8. Bxc4 Bxc4 9. Nxc4 Nb6 10. Nxb6 Bb4+ 11. Ke2 Qxb6 12. Qd3 0-0 13. Rhc1 Rfe8 14. Rc4 a5 15. Rac1 Bf8 16. R1c2 Rad8 17. Nd2 c5 18. Nf3 cxd4 19. Rxd4 g6 20. Rxd8 Rxd8 21. Qc4 Re8 22. b3 Bb4 23. g3 Kg7 24. Nd4 Re5 25. Kf3 Qd6 26. Kg2 Qd7 27. Qe2 Rc5 28. Rxc5 Bxc5 29. Qc4 b6 30. a4 Qb7+ 31. Kg1 Qe4 32. Qc2 Qd5 33. Ne2 Bd6 34. Nc3 Qc5 35. Qd3 Be5 36. Nd5 h5 37. Qc4 Qd6 38. Kg2 h4 39. f4 Bb2 40. gxh4 Qe6 41. Kg3 Ba3 42. e4 Bc5 43. Qd3 Kh7 44. Qf3 f5 45. e5 Be7 46. Qd3 f6 47. Nxe7 Qxe7 48. Qd6 Qb7 49. exf6 Kg8 50. Qe7 1-0

[Event "Titled Tuesday intern op 21st April"]
[Site "Chess.com INT"]
[Date "2020.04.21"]
[Round "8"]
[White "Gordon, David"]
[Black "Aliavdin, Nikolai"]
[Result "0-1"]
[WhiteElo "2116"]
[BlackElo "2315"]
[PlyCount "156"]
[EventDate "2020.04.21"]
[EventType "swiss (blitz)"]
[EventRounds "10"]
[EventCountry "USA"]
[SourceTitle "EXT 2021"]
[Source "ChessBase"]
[SourceDate "2020.10.23"]
[SourceVersion "1"]
[SourceVersionDate "2020.10.23"]
[SourceQuality "1"]

1. d4 Nf6 2. Bg5 e6 3. e4 h6 4. Bxf6 Qxf6 5. c3 g6 6. Bd3 Bg7 7. Ne2 d6 8. 0-0 e5 9. f4 Qe7 10. Nd2 Bg4 11. Nf3 Nd7 12. h3 Bxf3 13. Rxf3 exd4 14. cxd4 0-0-0 15. Qa4 Kb8 16. Rc1 Nb6 17. Qa5 c5 18. Rc3 cxd4 19. Ra3 Nc8 20. b4 Qc7 21. Qa4 Qb6 22. Kh2 Rhe8 23. Rf1 Re7 24. Rc1 Rc7 25. Rxc7 Qxc7 26. Qb5 g5 27. Qd5 gxf4 28. Nxf4 Be5 29. g3 Nb6 30. Qa5 Nc8 31. Qxc7+ Kxc7 32. Nd5+ Kb8 33. Rb3 Nb6 34. Nxb6 axb6 35. Rb2 Rg8 36. Rg2 f6 37. h4 Kc7 38. b5 Ra8 39. Rc2+ Kd8 40. Kh3 Ra3 41. Rd2 Ke7 42. Kg4 h5+ 43. Kxh5 Bxg3 44. Kg4 Be1 45. Rd1 Bf2 46. h5 Be3 47. Kf5 Rxa2 48. Rh1 Rf2+ 49. Kg6 Rg2+ 50. Kh7 Rd2 51. Bc4 d3 52. h6 Bf4 53. Rf1 Bg5 54. Rf3 Rh2 55. Rxd3 Rxh6+ 56. Kg7 Rh4 57. Bd5 Rh2 58. Bxb7 Ke6 59. Bd5+ Ke5 60. Rf3 Bf4 61. Ra3 Rg2+ 62. Kf7 Bh6 63. Ra6 Rg7+ 64. Ke8 Be3 65. Ra3 Bc5 66. Rf3 Rg5 67. Kf7 f5 68. Rxf5+ Rxf5+ 69. exf5 Kxd5 70. Ke7 Kc4 71. Ke6 d5 72. Ke5 d4 73. Ke4 d3 74. Kf3 Kc3 75. f6 Kc2 76. f7 d2 77. f8Q d1Q+ 78. Kg2 Qg4+ 0-1

[Event "Titled Tuesday intern op 21st April"]
[Site "Chess.com INT"]
[Date "2020.04.21"]
[Round "3"]
[White "Novik, Maxim"]
[Black "Gordon, David"]
[Result "1/2-1/2"]
[WhiteElo "2434"]
[BlackElo "2116"]
[PlyCount "104"]
[EventDate "2020.04.21"]
[EventType "swiss (blitz)"]
[EventRounds "10"]
[EventCountry "USA"]
[SourceTitle "EXT 2021"]
[Source "ChessBase"]
[SourceDate "2020.10.23"]
[SourceVersion "1"]
[SourceVersionDate "2020.10.23"]
[SourceQuality "1"]

1. d4 d5 2. c4 e6 3. Nc3 c5 4. cxd5 exd5 5. Nf3 Nc6 6. g3 Nf6 7. Bg2 Be7 8. 0-0 0-0 9. dxc5 Bxc5 10. b3 Re8 11. Bb2 Bg4 12. Rc1 Bf8 13. h3 Bh5 14. e3 Qa5 15. a3 Rad8 16. b4 Qb6 17. Na4 Qb5 18. Bxf6 gxf6 19. Nc3 Qc4 20. Ne2 Qa2 21. Ra1 Qb2 22. Nf4 Bg6 23. Qe2 Qxe2 24. Nxe2 Bd3 25. Rfe1 Bxe2 26. Rxe2 d4 27. Rae1 d3 28. Rd2 a5 29. b5 Ne5 30. Nxe5 fxe5 31. Bxb7 Bxa3 32. Red1 e4 33. f3 f5 34. g4 Bc5 35. Rg2 Bxe3+ 36. Kf1 exf3 37. Bxf3 fxg4 38. Rxg4+ Kh8 39. b6 Rf8 40. Kg2 Bxb6 41. Be4 Rg8 42. Rxd3 Rxd3 43. Bxd3 Rxg4+ 44. hxg4 h6 45. Bb5 Kg7 46. Kh3 Kf6 47. Kg3 Kg5 48. Kh3 Bc5 49. Bc6 Bb4 50. Bb5 Bc5 51. Bc6 Bb4 52. Bb5 Bc5 1/2-1/2

[Event "Titled Tuesday intern op 7th April"]
[Site "Chess.com INT"]
[Date "2020.04.07"]
[Round "8"]
[White "Gordon, David"]
[Black "Aranha Filho, Alvaro Zimmermann"]
[Result "0-1"]
[WhiteElo "2116"]
[BlackElo "2270"]
[PlyCount "104"]
[EventDate "2020.04.07"]
[EventType "swiss (blitz)"]
[EventRounds "10"]
[EventCountry "USA"]
[SourceTitle "EXT 2021"]
[Source "ChessBase"]
[SourceDate "2020.10.23"]
[SourceVersion "1"]
[SourceVersionDate "2020.10.23"]
[SourceQuality "1"]

1. d4 Nf6 2. Bg5 Ne4 3. Bf4 d5 4. e3 c5 5. Bd3 Nf6 6. c3 Nc6 7. Nd2 Qb6 8. Qb3 c4 9. Qxb6 axb6 10. Bc2 b5 11. e4 e6 12. e5 Nd7 13. Ngf3 b4 14. Ke2 bxc3 15. bxc3 Ba3 16. Rab1 0-0 17. g4 f6 18. exf6 gxf6 19. g5 e5 20. Bg3 exd4 21. Nxd4 Nxd4+ 22. cxd4 fxg5 23. Nf3 h6 24. h4 g4 25. Ne5 Nxe5 26. Bxe5 Be7 27. a4 Ra7 28. Bb8 Ra6 29. h5 Raf6 30. Bg3 Bd6 31. Rb6 Bxg3 32. Rxf6 Rxf6 33. fxg3 Rf3 34. Rg1 Kf7 35. Kd2 Kf6 36. Bd1 Rd3+ 37. Ke2 Rxd4 38. Rf1+ Ke7 39. Bc2 c3 40. Ke3 Rd2 41. Bd3 Rg2 42. Kf4 Kd6 43. Re1 d4 44. Re4 Kc5 45. Re5+ Kb4 46. Rd5 c2 47. Bxc2 Rxc2 48. Rxd4+ Rc4 49. Ke5 Rxd4 50. Kxd4 Kxa4 51. Kc4 b5+ 52. Kc5 b4 0-1

[Event "Titled Tuesday intern op 7th April"]
[Site "Chess.com INT"]
[Date "2020.04.07"]
[Round "9"]
[White "Gordon, David"]
[Black "Melian, Juan Sebastian"]
[Result "1-0"]
[WhiteElo "2116"]
[BlackElo "1950"]
[PlyCount "164"]
[EventDate "2020.04.07"]
[EventType "swiss (blitz)"]
[EventRounds "10"]
[EventCountry "USA"]
[SourceTitle "EXT 2021"]
[Source "ChessBase"]
[SourceDate "2020.10.23"]
[SourceVersion "1"]
[SourceVersionDate "2020.10.23"]
[SourceQuality "1"]

1. d4 Nf6 2. Bg5 e6 3. e4 h6 4. Bxf6 Qxf6 5. c3 d6 6. Bd3 Nd7 7. Ne2 b6 8. 0-0 Bb7 9. Nd2 g5 10. a4 a5 11. f4 g4 12. e5 Qg7 13. Ng3 h5 14. Qe2 h4 15. Nge4 d5 16. Ng5 g3 17. h3 Ke7 18. Ngf3 Ke8 19. Bb5 Be7 20. Rac1 c6 21. Bd3 c5 22. Bb5 Rc8 23. Rce1 Bc6 24. Bxc6 Rxc6 25. Qb5 Rc7 26. Rc1 c4 27. Rce1 Kd8 28. f5 Bg5 29. f6 Qh6 30. Nxg5 Qxg5 31. Nf3 Qg6 32. Rc1 Kc8 33. b3 Qd3 34. bxc4 Qxc4 35. Qxc4 Rxc4 36. Rc2 Rxa4 37. Rb1 Kc7 38. Kf1 Rc4 39. Ke2 Kc6 40. Nd2 Ra4 41. c4 dxc4 42. Nxc4 Kb7 43. Nd6+ Ka6 44. Nxf7 Rf8 45. Ng5 Rxd4 46. Nxe6 Re4+ 47. Kf3 Rxe5 48. Nxf8 Nxf8 49. Re2 Rf5+ 50. Kg4 Rxf6 51. Kxh4 Ng6+ 52. Kxg3 Rc6 53. Rbe1 a4 54. Re6 Rxe6 55. Rxe6 Nf8 56. Re8 Nd7 57. h4 Kb5 58. h5 Nf6 59. Re5+ Kc4 60. h6 Kd4 61. Rf5 Nh7 62. Rf7 Ng5 63. Rf4+ Ke5 64. Rxa4 b5 65. Ra5 Kf6 66. Rxb5 Ne4+ 67. Kf4 Nc3 68. Rb6+ Kf7 69. Rc6 Nd5+ 70. Ke5 Ne3 71. Rf6+ Kg8 72. Rf4 Kh7 73. Rh4 Nxg2 74. Rh2 Ne3 75. Ke4 Ng4 76. Rh4 Nxh6 77. Kf4 Kg7 78. Kg5 Nf7+ 79. Kf5 Nd6+ 80. Ke6 Nf7 81. Rg4+ Kf8 82. Rf4 Ke8 1-0

[Event "Titled Tuesday intern op 7th April"]
[Site "Chess.com INT"]
[Date "2020.04.07"]
[Round "3"]
[White "Szabo, Marcell"]
[Black "Gordon, David"]
[Result "1-0"]
[WhiteElo "1895"]
[BlackElo "2116"]
[PlyCount "91"]
[EventDate "2020.04.07"]
[EventType "swiss (blitz)"]
[EventRounds "10"]
[EventCountry "USA"]
[SourceTitle "EXT 2021"]
[Source "ChessBase"]
[SourceDate "2020.10.23"]
[SourceVersion "1"]
[SourceVersionDate "2020.10.23"]
[SourceQuality "1"]

1. e4 c5 2. Nc3 Nc6 3. f4 e6 4. Nf3 Nf6 5. Bb5 Nd4 6. e5 Nxb5 7. Nxb5 Nd5 8. d3 Qa5+ 9. Nc3 Nxc3 10. Qd2 d5 11. bxc3 Be7 12. 0-0 Bd7 13. c4 Qxd2 14. Nxd2 dxc4 15. Nxc4 0-0 16. Be3 Bc6 17. Rab1 b6 18. g4 f6 19. f5 exf5 20. gxf5 Bd5 21. e6 Bxc4 22. dxc4 Rfd8 23. Rbd1 g6 24. Rd5 Rxd5 25. cxd5 Rd8 26. c4 b5 27. fxg6 hxg6 28. cxb5 Rxd5 29. Rc1 Re5 30. Kf2 f5 31. a4 Rxe3 32. Kxe3 Bg5+ 33. Kf3 Bxc1 34. a5 Bd2 35. b6 axb6 36. a6 c4 37. a7 c3 38. a8Q+ Kg7 39. Qb7+ Kf6 40. Qf7+ Ke5 41. e7 Kd4 42. e8Q Kd3 43. Qe2+ Kc2 44. Qa2+ Kc1 45. Qf1+ Be1 46. Qxe1# 1-0

[Event "Canada zt"]
[Site "Kingston"]
[Date "2019.04.22"]
[Round "9"]
[White "Gordon, David"]
[Black "Demchenko, Svitlana"]
[Result "1/2-1/2"]
[WhiteElo "2185"]
[BlackElo "2135"]
[PlyCount "67"]
[EventDate "2019.04.18"]
[EventType "swiss"]
[EventRounds "9"]
[EventCountry "CAN"]
[SourceTitle "CBM 190 Extra"]
[Source "ChessBase"]
[SourceDate "2019.07.15"]
[SourceVersion "1"]
[SourceVersionDate "2019.07.15"]
[SourceQuality "1"]

1. d4 d5 2. c4 c6 3. Nf3 Nf6 4. Nc3 e6 5. Bg5 Nbd7 6. cxd5 cxd5 7. e3 Qa5 8. Bd3 Ne4 9. 0-0 Nxc3 10. bxc3 Bd6 11. c4 dxc4 12. Bxc4 0-0 13. e4 Bxh2+ 14. Kh1 Bc7 15. e5 b5 16. Bd2 Qb6 17. Bd3 f5 18. Rb1 a6 19. Be3 Qa5 20. Ng5 Nb6 21. Qh5 h6 22. Nh3 Rf7 23. Bxh6 gxh6 24. Qxh6 Qa3 25. Ng5 Rg7 26. Rb3 Qe7 27. f4 Kf8 28. Nh7+ Kg8 29. Nf6+ Kf7 30. Qh5+ Kf8 31. Qh8+ Kf7 32. Qh5+ Kf8 33. Qh8+ Kf7 34. Qh5+ 1/2-1/2